Managerial Accounting / International Edition (Record no. 895)
[ view plain ]
| 000 -LEADER | |
|---|---|
| fixed length control field | 02553cam a22002294a 4500 |
| 005 - ΗΜΕΡΟΜΗΝΙΑ ΚΑΙ ΩΡΑ ΤΕΛΕΥΤΑΙΑΣ ΕΝΗΜΕΡΩΣΗΣ | |
| Πεδίο ελέγχου | 20250605163949.0 |
| 008 - FIXED-LENGTH DATA ELEMENTS--GENERAL INFORMATION | |
| Πεδίο ελέγχου σταθερού μήκους | 250528s ||||||||||||||||||||||||d |
| 035 ## - SYSTEM CONTROL NUMBER | |
| System control number | 15305 |
| 020 ## - ISBN | |
| ISBN | 71003312 |
| 040 ## - ΠΗΓΗ ΚΑΤΑΛΟΓΟΓΡΑΦΗΣΗΣ | |
| Φορέας πρωτότυπης καταλογογράφησης | MC Athens Campus Library |
| Γλώσσα καταλογογράφησης | Ελληνικά, Μοντέρνα (1453-) |
| Modifying agency | MC Athens Campus Library |
| Κανόνες περιγραφικής καταλογογράφησης | AACR2 |
| 245 1# - ΤΙΤΛΟΣ ΚΑΙ ΔΗΛΩΣΗ ΥΠΕΥΘΥΝΟΤΗΤΑΣ | |
| Τίτλος | Managerial Accounting / International Edition |
| 260 ## - PUBLICATION, DISTRIBUTION, ETC. | |
| Name of publisher, distributor, etc. | Mcgraw Hill Book Company, |
| Date of publication, distribution, etc. | 1988 |
| 300 ## - PHYSICAL DESCRIPTION | |
| Extent | 728 |
| 505 0# - FORMATTED CONTENTS NOTE | |
| Formatted contents note | Preface, Management Accounting and Key Underlying Concepts, Management Accounting: An Introduction, An Introduction to Cost Accounting Systems, Analysis of Cost Behavior: Variable and Fixed and Mixed, Cost-Volume-Profit Analysis and Short-Run Decisions, The Contribution Margin Approach to Cost-Volume-Profit Analysis, Relevant Information for Special Decisions, Applying the Concepts of Relevance to Long-Run Decisions, Capital Budgeting: An Introduction to the Discounted and Nondiscounted Cash-Flow Methods, Capital Budgeting: Tax Considerations, The Planning and Control of Operations in the Short Run, The Master Budget, The Flexible Budget and Standard Costs and Variance Analysis, Responsibility Centers and Service Department Cost Allocations and Transfer Pricing and Return on Investment, The Extremes of Product Costing: Job Order Costing and Process Costing, Product Costing Methods: Job Order Costing, Product Costing Methods: Process Costing, Using Financial Statements, Index. |
| 520 ## - SUMMARY, ETC. | |
| Summary, etc. | Preface, Management Accounting and Key Underlying Concepts, Management Accounting: An Introduction, An Introduction to Cost Accounting Systems, Analysis of Cost Behavior: Variable and Fixed and Mixed, Cost-Volume-Profit Analysis and Short-Run Decisions, The Contribution Margin Approach to Cost-Volume-Profit Analysis, Relevant Information for Special Decisions, Applying the Concepts of Relevance to Long-Run Decisions, Capital Budgeting: An Introduction to the Discounted and Nondiscounted Cash-Flow Methods, Capital Budgeting: Tax Considerations, The Planning and Control of Operations in the Short Run, The Master Budget, The Flexible Budget and Standard Costs and Variance Analysis, Responsibility Centers and Service Department Cost Allocations and Transfer Pricing and Return on Investment, The Extremes of Product Costing: Job Order Costing and Process Costing, Product Costing Methods: Job Order Costing, Product Costing Methods: Process Costing, Using Financial Statements, Index. |
| 700 1# - ΠΡΟΣΘΕΤΗ ΑΝΑΓΡΑΦΗ--ΦΥΣΙΚΟ ΠΡΟΣΩΠΟ | |
| Personal name | Keith Robert M |
| 9 (RLIN) | 1199 |
| 700 1# - ΠΡΟΣΘΕΤΗ ΑΝΑΓΡΑΦΗ--ΦΥΣΙΚΟ ΠΡΟΣΩΠΟ | |
| Personal name | Smith Jack L |
| 9 (RLIN) | 1200 |
| 700 1# - ΠΡΟΣΘΕΤΗ ΑΝΑΓΡΑΦΗ--ΦΥΣΙΚΟ ΠΡΟΣΩΠΟ | |
| Personal name | Stephens William L |
| 9 (RLIN) | 1201 |
| 942 ## - ADDED ENTRY ELEMENTS (KOHA) | |
| Koha item type | Books |
| Τύπος τεκμηρίου | Βιβλιοθήκη | Τρέχουσα τοποθεσία | Barcode | Αριθμός εισαγωγής | Ημερομηνία απόκτησης | Ταξιθετικό σύμβολο | Αριθμός αντιτύπου | Κατάσταση απόσυρσης | Κατάσταση χαμένου | Κατάσταση κατεστραμμένου | Μη δανεισμός | Σύνολο δανεισμών | Ημερομηνία τελευταίας εμφάνισης | Η τιμή ισχύει από |
|---|---|---|---|---|---|---|---|---|---|---|---|---|---|---|
| Books | MC Athens Campus Library | MC Athens Campus Library | 9780000008947 | 1549 | 05/06/2025 | 658.1/511 SMI | 1 | 05/06/2025 | 05/06/2025 |